Mutual recognition in federal type systems

Guardado en:
Detalles Bibliográficos
Autor principal: Majone, Giandomenico
Formato: Libro
Lenguaje:inglés
Publicado: Florence European University Institute 1993
Colección:EUI working paper SPS No. 93/1
Materias:
Etiquetas: Agregar Etiqueta
Sin Etiquetas, Sea el primero en etiquetar este registro!

MARC

LEADER 00000nam a2200000 4500
001 c100175
005 20250509104037.8
041 0 |a eng 
044 |a IT 
245 1 0 |a Mutual recognition in federal type systems  |c Giandomenico Majone 
264 1 |a Florence  |b European University Institute  |c 1993 
300 |a 22 s. 
490 1 |a EUI working paper  |v SPS No. 93/1 
830 0 |a EUI working paper  |v SPS No. 93/1 
610 2 0 |a federácia 
610 2 0 |a modely 
610 2 0 |a regulácia 
610 2 0 |a regulácia hospodárska 
610 2 0 |a politika sociálna 
610 2 0 |a regulátory hospodárske 
610 2 0 |a integrácia ekonomická 
610 2 0 |a Európske spoločenstvá 
100 1 |a Majone, Giandomenico